| 000 | 00619nam a2200229Ia 4500 | ||
|---|---|---|---|
| 003 | OSt | ||
| 005 | 20221007064255.0 | ||
| 006 | a|||||r|||| 00| 0 | ||
| 007 | ta | ||
| 008 | 221006b |||||||| |||| 00| 0 eng d | ||
| 024 | _a21,091 | ||
| 037 | _cTextual | ||
| 040 |
_aFLL _cFLL _beng |
||
| 041 |
_2eng _aeng |
||
| 082 | _aY11:45:6:Z2q, M9 | ||
| 100 |
_aSrivastava S.P. _9294863 |
||
| 245 | 0 | _aJuvenile justice in India | |
| 260 |
_aDelhi _bAjanta Publications India _c1989 |
||
| 300 |
_aix,302p _ccm. |
||
| 942 |
_hY11:45:6:Z2q, M9 _cTEXL _2CC |
||
| 999 |
_c1133546 _d1133546 |
||